LEADER 01039nam 2200397 450 001 9910163245603321 005 20230807214740.0 010 $a1-329-12554-1 035 $a(CKB)3790000000021075 035 $a(EBL)2050633 035 $a(OCoLC)909146068 035 $a(MiAaPQ)EBC2050633 035 $a(EXLCZ)993790000000021075 100 $a20150527h20152015 uy 1 101 0 $aeng 135 $aur|n|---||||| 181 $2rdacontent 182 $2rdamedia 183 $2rdacarrier 200 10$aErewhon /$fSamuel Butler 210 1$a[New York, New York] :$cSheba Blake Publishing,$d2015. 210 4$dİ2015 215 $a1 online resource (636 p.) 300 $aDescription based upon print version of record. 330 $a Will update 606 $aUtopias$vFiction 615 0$aUtopias 676 $a813.4 700 $aButler$b Samuel$0165583 801 0$bMiAaPQ 801 1$bMiAaPQ 801 2$bMiAaPQ 906 $aBOOK 912 $a9910163245603321 996 $aErewhon$919849 997 $aUNINA